000
00227nam a22000857a 4500
008
160827b xxu||||| |||| 00| 0 eng d
100
_9
254
_a
Kaushik N
245
_a
My father is a Hero
260
_a
New Delhi
_b
Shrishti publication
_c
2016
999
_c
2910
_d
2910